00663nam a2200229 a 4500001001300000003000900013005001700022008004100039020002300080082001500103100001600118245003300134260003300167300000900200500003500209650001300244700001600257902000800273942000700281952012800288999001700416nice12345678IN_TiNIC20260116014330.0080915s2007 jaia grp 000 0 eng  a9788183871705c75000a305.4bMUD aMudgal, S D aFeminism and Status of Women aJaipur bBook Enclave c2007 a250p aincludes index and biblioraphy aFeminism1 aMudgal, S D bSRS cBK 001040708StackRoom-aHMIbHMId2008-09-15g750.00l1o305.4 MUDp022534r2018-11-08s2018-11-05v750.00w2008-09-15yBK c14850d14850